Historia universal : los pueblos germánicos y romanos /

La presente Historia Universal se convirtió en un referente en el ámbito educativo alemán del siglo XIX. Fue coordinada y editada por Wilhelm Oncken (1838-1905), historiador que militó en el Partido Nacional Liberal y que como tal muestra en sus textos una postura política nacionalista. La edición o...

Descrizione completa

Salvato in:
Dettagli Bibliografici
Altri autori: Oncken, Wilhelm (dir.) Direttore, Dahn, Félix (autor) (autor)
Natura: Libro
Lingua:spagnolo
Edizione:Nueva ed.
Soggetti:
Tags: Aggiungi Tag
Nessun Tag, puoi essere il primo ad aggiungerne!!

MARC

LEADER 00000nam^a2200000^a^4500
001 000359177
005 20250526000000.0
009 20260310115349.077
037 |a Acervo Xavier Clavigero 
041 |a ESP 
082 |a 909.  |b ONC V. 11 
100 |a Oncken, Wilhelm  |e (dir.) 
240 1 1 |a [Historia universal de Wilhelm Oncken] 
245 1 0 |a Historia universal :  |b los pueblos germánicos y romanos /  |c Dir. de W. Oncken ; F. Dahn. 
250 |a Nueva ed.  |b rev. y aum. 
264 |a Barcelona, España :  |b Montaner y Simón,  |c 1918 
300 |a 495 p., [1] lámina ;  |c 24.5 cm. 
336 |a texto  |b txt  |2 rdacontenido 
337 |a sin mediación  |b n  |2 rdamedio 
338 |a volumen  |b nc  |2 rdasoporte 
520 |a La presente Historia Universal se convirtió en un referente en el ámbito educativo alemán del siglo XIX. Fue coordinada y editada por Wilhelm Oncken (1838-1905), historiador que militó en el Partido Nacional Liberal y que como tal muestra en sus textos una postura política nacionalista. La edición original constaba de 24 volúmenes, convertidos en 45 en la versión revisada y actualizada de 1922. La obra, como lo anuncia el título, recorre la historia del mundo, del origen del hombre a las primeras décadas del siglo XX. De esta edición en el Acervo Clavigero faltan los volúmenes 13-17, 21-23, 26-27, 32-36, 38, 40-41, 45-46. 
649 |a XX 
650 |a Historia Antigua 
650 |a Historia Universal -  |x Tema Principal 
650 |a Alemania -  |x Historia Antigua -  |x Tema Principal 
650 |a Alemania -  |x Historia -  |y Período Antiguo, 51 a.C.-481 d.C 
650 |a Alemania -  |x Historia -  |y Epoca Romana, 51 a.C.-373 d.C 
650 |a Alemania -  |x Historia -  |y Principados, Imperio y Reinos, 481-1871 -  |x Tema Principal 
650 |a Alemania -  |x Historia -  |y Monarquías Francas, 481-911 
650 |a Suecia -  |x Historia -  |y Edad de Hierro, 500 a.C.-1087 d.C 
650 |a Suecia -  |x Historia -  |y Edad de Hierro Prerromana, 500-1 a.C. 
650 |a Suecia -  |x Historia -  |y Edad de Hierro Romana, 1-375 
650 |a Escandinavia -  |x Historia 
650 |a Roma -  |x Historia -  |y Imperio, 31 a.C.-476 d.C 
650 |a Francia -  |x Historia -  |y Período Antiguo, 753 a.C.-987 d.C 
650 |a Francia -  |x Historia -  |y Merovingios, 481-751 
650 |a Portugal -  |x Historia -  |y Suevos y Visigodos, 409-711 
650 |a España -  |x Historia -  |y Período Gótico, 414-711 
700 |a Dahn, Félix  |e (autor) 
910 |a Fondo General 
920 |a Impresos - Libros 
930 |a Libros Antiguos y Raros 
905 |a 108 
901 |a 010758  |b IT2  |c LRA  |u 20250526 
902 |a https://opac.biblio.iteso.mx/vufind/Record/000359177